| 000 | 00695nam a22001817a 4500 | ||
|---|---|---|---|
| 005 | 20251108165552.0 | ||
| 008 | 250721s1972 xx 000 0 ara d | ||
| 082 | 1 | 4 | _aم/340.03/حار |
| 100 | 1 | _aالفاروقي، حارث سليمان | |
| 245 | 1 | 0 | _aالمعجم القانوني / |
| 246 | 1 | 3 | _aعربي - إنجليزي يشتمل على مصطلحات الفقه ، القديم و الحديث ، الطب الشرعي و التجارة و البنوك و التأمين و الدبلوماسية ... |
| 264 | 1 |
_aبيروت : _bمكتبة لبنان، _c1972. |
|
| 300 | _a288ص | ||
| 650 | 1 | 7 | _aالقانون |
| 650 | 1 | 7 | _aالقواميس |
| 942 |
_2ddc _cREF |
||
| 999 |
_c30994 _d30994 |
||